|
|
|
|
| LEADER |
00855nam a2200241 a 4500 |
| 001 |
000608719 |
| 003 |
CZ BrMZK |
| 005 |
20091006125325.0 |
| 007 |
ta |
| 008 |
020701s1979 xo f slo d |
| 040 |
|
|
|a BOA001
|b cze
|c BOA001
|
| 041 |
1 |
|
|a slo
|h cze
|
| 080 |
|
|
|a 329.78(437)PO:379.84
|2 MRF
|
| 080 |
|
|
|a 379.84:329.78(437)PO
|2 MRF
|
| 100 |
1 |
|
|a Krátký, Karel,
|d 1930-
|7 jk01062938
|4 aut
|
| 245 |
1 |
0 |
|a Prieskumník :
|b odznak odbornosti : rady a návody na plnenie a získanie odznaku odbornosti Prieskumník /
|c Karel Krátký
|
| 260 |
|
|
|a Bratislava :
|b Smena,
|c 1979
|
| 300 |
|
|
|a 149 s.
|
| 500 |
|
|
|a Vydavatel: Slovenská ústredná rada PO SZM
|
| 765 |
0 |
|
|t Odznak odbornosti Průzkumník
|9 Slovensky
|
| 910 |
|
|
|a BOA001
|b 1-0806.051
|
| 990 |
|
|
|a BK
|
| 996 |
7 |
|
|b 2619562529
|c 1-0806.051
|l MZK
|r Sklad / do 1 hodiny
|n 0
|w 000608719
|u 000010
|a 1
|e BOA001
|j MZK50
|s A
|